Statistics for All 50k U.S. Cities on a Map by Letter - J

Click here to take the quiz!

General Stats

  • This quiz has been taken 967 times
  • The average score is 9 of 14

Answers on the Map

Answers color-coded by a green-red scale on the quiz's map according to % correct below.
 

Answer Stats

PopulationStateCity% Correct
149,761MSJackson
100%
68,114TNJackson
100%
954,614FLJacksonville
99%
72,876NCJacksonville
99%
283,927NJJersey City
87%
150,372ILJoliet
73%
51,846MOJoplin
55%
79,324ARJonesboro
54%
71,278TNJohnson City
48%
60,802FLJupiter
44%
65,942WIJanesville
40%
106,941CAJurupa Valley
36%
50,315INJeffersonville
26%
82,065GAJohns Creek
26%

Score Distribution

Percentile by Number Answered

Percent of People with Each Score

Your Score History

You have not taken this quiz